Meilleurs buteurs Liga 21/22 - Statistiques

Statistiques générales
  • Ce quiz a été pris 301 fois
  • Le résultat moyen est 5 sur 15
Statistiques - réponses
Hint Réponse % Correct
Real Madrid Benzema
100%
Celta Vigo Aspas
56%
FC Barcelone Depay
56%
Atletico Suarez
56%
Espanyol De Tomas
46%
Real Madrid Vinicius Jr
33%
Alaves Joselu
32%
Atletico Correa
30%
Getafe Unal
27%
Valence Guedes
23%
Betis Juanmi
22%
Villarreal Danjuma
21%
Valence Soler
19%
FC Seville Rafa Mir
9%
Levante José Morales
4%
Aucun quiz correspondant
Distribution des résultats
% des personnes avec chaque résultat
Percentile par nombre de réponses
Votre historique - résultats
Vous n’avez pas pris ce quiz